La venganza y otros cuentos
Guardado en:
| Autor principal: | |
|---|---|
| Formato: | Libro |
| Lenguaje: | Spanish |
| Publicado: |
San José, Costa Rica
Ediciones Andrómeda
2010
|
| Materias: | |
| Etiquetas: |
Agregar Etiqueta
Sin Etiquetas, Sea el primero en etiquetar este registro!
|
MARC
| LEADER | 00000nam a22000007a 4500 | ||
|---|---|---|---|
| 008 | 180412b xxu||||| |||| 00| 0 spa d | ||
| 040 | |a cru BVZT | ||
| 090 | |a 868 A-8.2v | ||
| 100 | |a Alvarado Vega, Óscar Gerardo | ||
| 245 | |a La venganza y otros cuentos |c Óscar Gerardo Alvarado Vega | ||
| 260 | |a San José, Costa Rica |b Ediciones Andrómeda |c 2010 | ||
| 300 | |a 369 páginas | ||
| 650 | |a LITERATURA COSTARRICENSE | ||
| 650 | |a CUENTOS | ||
| 999 | |c 30458 |d 30458 | ||
| 942 | |c 15 D |h 868 A-8.2v |2 z | ||
